Computer networks and internets / (Record no. 6884)
[ view plain ]
| 000 -LEADER | |
|---|---|
| fixed length control field | 00708cam a22002292 4500 |
| 001 - CONTROL NUMBER | |
| control field | 0000005169 |
| 005 - DATE AND TIME OF LATEST TRANSACTION | |
| control field | 20151217151954.0 |
| 008 - FIXED-LENGTH DATA ELEMENTS--GENERAL INFORMATION | |
| fixed length control field | 070607s xx 000 0 eng d |
| 020 ## - INTERNATIONAL STANDARD BOOK NUMBER | |
| International Standard Book Number | 8178080869 : |
| Terms of availability | KES 820 |
| 040 ## - CATALOGING SOURCE | |
| Original cataloging agency | KABU |
| Transcribing agency | KABU |
| 050 #0 - LIBRARY OF CONGRESS CALL NUMBER | |
| Classification number | TK5105.5 |
| Item number | .C66 1998 |
| 100 1# - MAIN ENTRY--PERSONAL NAME | |
| Personal name | Comer, Douglas E. |
| -- | 0000156314 |
| 245 10 - TITLE STATEMENT | |
| Title | Computer networks and internets / |
| Statement of responsibility, etc. | Douglas E. Comer. |
| 250 ## - EDITION STATEMENT | |
| Edition statement | 2nd ed. |
| 260 ## - PUBLICATION, DISTRIBUTION, ETC. (IMPRINT) | |
| Place of publication, distribution, etc. | Delhi : |
| Name of publisher, distributor, etc. | Pearson Education, |
| Date of publication, distribution, etc. | c1998. |
| 300 ## - PHYSICAL DESCRIPTION | |
| Extent | xxiii, 578 p. ; |
| Dimensions | 24 cm. |
| 650 #0 - SUBJECT ADDED ENTRY--TOPICAL TERM | |
| Topical term or geographic name as entry element | Computer networks. |
| -- | 0000148214 |
| 650 #0 - SUBJECT ADDED ENTRY--TOPICAL TERM | |
| Topical term or geographic name as entry element | Internetworking (Telecommunication) |
| -- | 0000156315 |
| 908 ## - PUT COMMAND PARAMETER (RLIN) | |
| Put command parameter | 070607 |
| 950 ## - LOCAL HOLDINGS (RLIN) | |
| -- | 1 |
| Withdrawn status | Lost status | Source of classification or shelving scheme | Not for loan | Home library | Current library | Date acquired | Total Checkouts | Full call number | Barcode | Date last seen | Price effective from | Koha item type |
|---|---|---|---|---|---|---|---|---|---|---|---|---|
| Library of Congress Classification | Kabarak, Main Campus | Kabarak, Main Campus | 17/12/2015 | TK5105.5 .C66 1998 | 008164 | 17/12/2015 | 17/12/2015 | General Collection |